| 000 | 00999cam a2200217 4500 | ||
|---|---|---|---|
| 001 | WB3704-27 | ||
| 008 | 000000n2000 000 0 eng u | ||
| 035 | _a(Sirsi) u110467 | ||
| 245 | _aOnline moves to speed house sales | ||
| 260 | _c2000 | ||
| 490 |
_aSunday Telegraph _v 21 January 2001, (2) |
||
| 520 | _aA new website aims to make buying and selling a house easier. So far 600 estate agents, solicitors and others have signed up to use Territorium, an online housebuying information system piloted by Teramedia. Eventually this hopes to be linked in to the government agency, National Land Information Service's database to create the ultimate tool in electronic conveyancing. | ||
| 590 | _aWB | ||
| 650 | _aECONVEYANCING | ||
| 650 | _aINTERNET | ||
| 650 | _aPROPERTY-RESIDENTIAL PROPERTY-ACQUISITION AND DISPOSAL OF RESIDENTIAL PROPERTY | ||
| 650 | _aNATIONAL LAND INFORMATION SERVICE | ||
| 650 | _aHM LAND REGISTRY | ||
| 690 | _aPROPERTY AND LAND LAW-CONVEYANCING | ||
| 942 | _n0 | ||
| 999 |
_c65864 _d65864 |
||